000
00422nam a2200145Ia 4500
008
100204s9999 xx 000 0 und d
082
_b
7807
100
_a
श्रोत्री निशिकांत
245
_a
हकनाक
260
_b
"उदयदीप प्रकाशन , मुंबई"
_c
1985
300
_a
177
630
_a
हकनाक
730
_a
हकनाक
942
_c
BOOK
999
_c
452243
_d
452240